| 000 | 00933cam a22002771 4500 | ||
|---|---|---|---|
| 001 | sa 68015313 | ||
| 003 | DLC | ||
| 005 | 20260227112642.0 | ||
| 008 | 910920q19601969ii 000 0 arar | ||
| 010 | _asa 68015313 | ||
| 025 | _aPL480:I-Ar-58 | ||
| 035 | _a(OCoLC)24427966 | ||
| 040 |
_aDLC _cWaU _dDLC |
||
| 041 | 0 | _aaraurd | |
| 042 | _apremarc | ||
| 050 | 0 | 0 |
_aPJ6101 _b.J82 1960z |
| 100 | 1 |
_aJurjānī, ʻAbd al-Qāhir ibn ʻAbd al-Raḥmān, _d-1078? |
|
| 245 | 1 | 0 |
_aSharḥ Miʼat ʻāmil, _bmuḥashshá wa muʻarrab. |
| 260 |
_aDihlī, _bKutubʹk̲h̲ānah-ʼi Rashīdīyah _c[196-?] |
||
| 300 |
_a80 p. _c26 cm. |
||
| 500 | _aAuthor named on p. 2: allafah ... ʻAbd al-Qāhir ibn ʻAbd al-Raḥmān al-Jurjānī. | ||
| 500 | _aArabic text of al-Jurjānī's Miʼat ʻāmil, with marginal notes in Urdu. | ||
| 500 | _aReproduced from Ms. copy. | ||
| 650 | 0 |
_aArabic language _xSyntax. |
|
| 740 | 0 | _aMiʼat ʻāmil. | |
| 999 |
_c86380 _d86380 |
||